[Event "Olympiad-37"]
[Site "Turin"]
[Date "2006.05.21"]
[Round "1"]
[White "Hj, Emran Ahmad Bukhari"]
[Black "Cvitan, Ognjen"]
[Result "0-1"]
[WhiteElo "2168"]
[BlackElo "2527"]
[PlyCount "48"]
[EventDate "2006.05.21"]
[EventType "team-swiss"]
[EventRounds "13"]
[EventCountry "ITA"]
[SourceTitle "CBM 113"]
[Source "ChessBase"]
[SourceDate "2006.07.31"]
[SourceVersion "1"]
[SourceVersionDate "2006.07.31"]
[SourceQuality "1"]
[WhiteTeam "Brunei"]
[BlackTeam "Croatia"]
[WhiteTeamCountry "BRN"]
[BlackTeamCountry "CRO"]

1. e4 c5 2. Nf3 e6 3. d4 cxd4 4. Nxd4 a6 5. Nc3 d6 6. Be3 Nf6 7. f4 b5 8. a3 Bb7 9. Bd3 Nbd7 10. Nb3 Rc8 11. 0-0 Be7 12. Qf3 0-0 13. Qh3 e5 14. Nd5 Bxd5 15. exd5 e4 16. Be2 Nxd5 17. c3 Nxe3 18. Qxe3 Qb6 19. Nd4 d5 20. Bg4 Rc7 21. Rad1 Nc5 22. Nf5 Na4 23. Qxb6 Nxb6 24. Ne3 Bc5 0-1